Iacocca: (Record no. 762)
[ view plain ]
| 000 -LEADER | |
|---|---|
| fixed length control field | 008690000a22002410004500 |
| 003 - CONTROL NUMBER IDENTIFIER | |
| control field | LK-CoMWRAF |
| 005 - DATE AND TIME OF LATEST TRANSACTION | |
| control field | 20231106120019.0 |
| 008 - FIXED-LENGTH DATA ELEMENTS--GENERAL INFORMATION | |
| fixed length control field | 230817t1986 ||||| |||| 00| 0 eng d |
| 020 ## - INTERNATIONAL STANDARD BOOK NUMBER | |
| International Standard Book Number | 0553251473 |
| 040 ## - CATALOGING SOURCE | |
| Original cataloging agency | LK-CoMWRAF |
| Modifying agency | LK-CoMWRAF |
| Description conventions | LK-CoMWRAF |
| 041 ## - LANGUAGE CODE | |
| Language code of text/sound track or separate title | English |
| 082 ## - DEWEY DECIMAL CLASSIFICATION NUMBER | |
| Classification number | 923 |
| Item number | IAC |
| 942 ## - ADDED ENTRY ELEMENTS (KOHA) | |
| Koha item type | Books |
| 100 ## - MAIN ENTRY--PERSONAL NAME | |
| Personal name | Iacocca, Lee |
| 700 ## - ADDED ENTRY--PERSONAL NAME | |
| Personal name | Novak, William |
| 245 ## - TITLE STATEMENT | |
| Title | Iacocca: |
| Remainder of title | an autobiography |
| 260 ## - PUBLICATION, DISTRIBUTION, ETC. (IMPRINT) | |
| Place of publication, distribution, etc. | New York: |
| Name of publisher, distributor, etc. | Bantam Books, |
| Date of publication, distribution, etc. | 1986 |
| 300 ## - PHYSICAL DESCRIPTION | |
| Extent | xvii, 365 p., [16] p. of plates : ill. ; 21 cm. |
| Other physical details | Index included |
| 856 ## - ELECTRONIC LOCATION AND ACCESS | |
| Uniform Resource Identifier | <a href="https://ia601502.us.archive.org/18/items/FRENCHPDF.COMLeeIacoccaWilliamNovakIacoccaBantam2011/FRENCHPDF.COM%20Lee%20Iacocca%2C%20William%20Novak-Iacocca-Bantam%20%282011%29.pdf">https://ia601502.us.archive.org/18/items/FRENCHPDF.COMLeeIacoccaWilliamNovakIacoccaBantam2011/FRENCHPDF.COM%20Lee%20Iacocca%2C%20William%20Novak-Iacocca-Bantam%20%282011%29.pdf</a> |
| 650 ## - SUBJECT ADDED ENTRY--TOPICAL TERM | |
| Topical term or geographic name as entry element | IACOCCA, LEE A. |
| 650 ## - SUBJECT ADDED ENTRY--TOPICAL TERM | |
| Topical term or geographic name as entry element | Automobile industry and trade--United States |
| 650 ## - SUBJECT ADDED ENTRY--TOPICAL TERM | |
| Topical term or geographic name as entry element | Businessmen--United States--Biography. |
| Withdrawn status | Lost status | Damaged status | Not for loan | Permanent Location | Current Location | Date acquired | Full call number | Barcode | Koha item type |
|---|---|---|---|---|---|---|---|---|---|
| Resource center, Muslim Women's Research And Action Forum | Resource center, Muslim Women's Research And Action Forum | 2023-08-17 | 923 IAC | RAF1933 | Books |

